50 państw z najnisżymi szczytami korony Świata - Statystyki

Ogólne statystyki
  • Ten quiz został rozwiązany 252 razy
  • Średni wynik to 25 z 50
Statystyki odpowiedzi
lp. Wysokość Nazwa góry Państwo % Poprawnych
7. 75 m n.p.m Wzgórze Watykańskie Watykan
84%
21. 322 m n.p.m. Vaalserberg Holandia
76%
16. 294 m n.p.m. Góra Auksztocka Litwa
75%
19. 312 m n.p.m. Gaiziņkalns Łotwa
75%
32. 756 m n.p.m. Monte Titano San Marino
75%
20. 318 m n.p.m. Suur Munamägi Estonia
74%
30. 694 m n.p.m. Signal de Botrange Belgia
72%
27. 560 m n.p.m. Kneiff Luksemburg
72%
11. 161 m n.p.m. Chemin des Révoires Monako
69%
6. 71 m n.p.m Command Ridge Nauru
68%
13. 170 m n.p.m. Møllehøj Dania
66%
1. 2 m n.p.m. Nienazwany Szczyt Malediwy
65%
9. 103 m n.p.m Kurajn Abu al-Baul Katar
64%
38. 905 m n.p.m. Morne Seychellois Seszele
64%
23. 345 m n.p.m. Góra Dzierżyńska Białoruś
63%
14. 241 m n.p.m. Mount Ngerchelchuus Palau
63%
2. 5 m n.p.m Nienazwany Szczyt Tuvalu
62%
3. 10 m n.p.m Nienazwany Szczyt Wyspy Marshalla
61%
10. 134 m n.p.m Dżabal ad-Duchan Bahrajn
60%
8. 81 m n.p.m Nienazwany Szczyt Kiribati
57%
33. 780 m n.p.m. Mount Nanlaud Mikronezja
56%
15. 253 m n.p.m. Ta’ Dmejrek Malta
55%
47. 1038 m n.p.m Carrantuohill Irlandia
54%
18. 306 m n.p.m. Nienazwany Szczyt Kuwejt
54%
22. 336 m n.p.m. Mount Hillaby Barbados
52%
34. 828 m n.p.m. Piton de la Petite Rivière Noire Mauritius
52%
46. 1033 m n.p.m. Nienazwany Szczyt Tonga
52%
25. 430 m n.p.m. Dealul Bălăneşti Mołdawia
50%
41. 950 m n.p.m. Mount Gimie Saint Lucia
50%
35. 840 m n.p.m. Mount Saint Catherine Grenada
47%
12. 163 m n.p.m. Bukit Timah Singapur
47%
5. 63 m n.p.m Mount Alvernia Bahamy
46%
24. 402 m n.p.m. Boggy Peak Antigua i Barbuda
44%
40. 940 m n.p.m. El Cerro del Aripo Trynidad i Tobago
43%
4. 53 m n.p.m Nienazwany Szczyt Gambia
39%
50. 1124 m n.p.m. Doyle’s Delight Belize
38%
42. 986 m n.p.m. Mont Agou Togo
38%
43. 1014 m n.p.m. Kékes Węgry
37%
26. 513 m n.p.m. Catedral Urugwaj
34%
28. 581 m n.p.m. Nienazwany Szczyt Senegal
33%
17. 300 m n.p.m. Nienazwany Szczyt Gwinea Bissau
31%
29. 658 m n.p.m. Sokbaro Benin
30%
37. 880 m n.p.m. Mount Afadjato Ghana
30%
39. 915 m n.p.m Kidjat Idżdżil Mauretania
26%
36. 842 m n.p.m. Cerro Peró Paragwaj
26%
48. 1052 m n.p.m. Mowdok Bangladesz
24%
49. 1070 m n.p.m. Mont Bengoué Gabon
22%
45. 1020 m n.p.m. Mont Nabeba Kongo
22%
31. 749 m n.p.m. Pic de Nakourou Burkina Faso
20%
44. 1016 m n.p.m. Tall Asur Palestyna
4%
Nie znaleziono quizów pasujących do podanych kryteriów
Rozkład punktacji
Procent ludzi z każdym wynikiem
Percentyl według liczby udzielonych odpowiedzi
Twoja historia wyników
Nie rozwiązałeś tego quizu